Zgadnij jak największe państwa Ameryki Południowej w 15 sekund - Statystyki

Ogólne statystyki
  • Ten quiz został rozwiązany 55 razy
  • Średni wynik to 66 z 99
Odpowiedzi na mapie
Odpowiedzi zakodowano w zielono-czerwonej skali na mapie do tego quizu, zgodnie z poniższymi procentami.
 
Statystyki odpowiedzi
Państwo % Poprawnych
Brazylia
95%
Brazylia
95%
Brazylia
95%
Brazylia
95%
Brazylia
95%
Brazylia
95%
Brazylia
95%
Brazylia
95%
Brazylia
95%
Brazylia
95%
Brazylia
95%
Brazylia
95%
Brazylia
95%
Brazylia
95%
Brazylia
95%
Brazylia
95%
Brazylia
95%
Brazylia
95%
Brazylia
95%
Brazylia
95%
Argentyna
90%
Argentyna
90%
Argentyna
90%
Argentyna
90%
Argentyna
90%
Argentyna
90%
Argentyna
90%
Argentyna
90%
Argentyna
90%
Argentyna
90%
Argentyna
90%
Argentyna
90%
Argentyna
90%
Argentyna
90%
Argentyna
90%
Argentyna
90%
Argentyna
90%
Argentyna
90%
Peru
81%
Peru
81%
Peru
81%
Peru
81%
Peru
81%
Peru
81%
Peru
81%
Peru
81%
Peru
81%
Peru
81%
Peru
81%
Peru
81%
Peru
81%
Peru
81%
Peru
81%
Chile
67%
Chile
67%
Chile
67%
Chile
67%
Chile
67%
Chile
67%
Kolumbia
62%
Kolumbia
62%
Kolumbia
62%
Kolumbia
62%
Kolumbia
62%
Kolumbia
62%
Kolumbia
62%
Kolumbia
62%
Kolumbia
62%
Kolumbia
62%
Boliwia
52%
Boliwia
52%
Boliwia
52%
Boliwia
52%
Boliwia
52%
Boliwia
52%
Boliwia
52%
Boliwia
52%
Ekwador
29%
Ekwador
29%
Ekwador
29%
Ekwador
29%
Paragwaj
19%
Paragwaj
19%
Paragwaj
19%
Paragwaj
19%
Paragwaj
19%
Urugwaj
19%
Urugwaj
19%
Wenezuela
19%
Wenezuela
19%
Wenezuela
19%
Wenezuela
19%
Wenezuela
19%
Wenezuela
19%
Wenezuela
19%
Gujana
10%
Gujana
10%
Gujana
10%
Surinam
5%
Nie znaleziono quizów pasujących do podanych kryteriów
Rozkład punktacji
Procent ludzi z każdym wynikiem
Percentyl według liczby udzielonych odpowiedzi
Twoja historia wyników
Nie rozwiązałeś tego quizu